000 00801nam a2200217Ii 4500
003 JO-AjNU
008 230605s9999||||xx |||||||||||||| ||und||
017 _a2004/11/2748
040 _aJO-AjNU
_bara
_erda
_cJO-AjNU
041 _aara
050 1 4 _aGB5014.G86 2005
100 3 _a تاليف غنيم، خالد إسماعيل علي,
_eauthor
_938547
245 0 0 _aمشكلات الكوارث الطبيعية والبيئية وأثرها على الانسان والحيوان
250 _a ط1
264 3 1 _aعمان: المؤلف، 2005
300 _a171ص
336 _atext
_btxt
_2rdacontent
337 _aunmediated
_bn
_2rdamedia
338 _avolume
_bnc
_2rdacarrier
650 4 _aالكوارث الطبيعية - مظاهر اجتماعية - البيئية والانسان
_938548
999 _aA16204
_c19772
_d19772